1381 1735 1628 1045 1986 1896 1960 1509 1244 1863 1155 1980 1274 1067 1522 1641 1366 1313 1921 1144 1394 1015 1370 1800 1427 1593 1917 1158 1128 1674 1701 1554 1691 1060 1227 1518 1244 1975 1057 1229 1437 1067 1395 1544 1451 1174 1532 1217 1595 1835 1482 1443 1886 1341 1191 1428 1393 1982 1721 1311 1743 1322 1213 1499 1817 1631 1686 1026 1491 1515 1939 1311 1437 1120 1819 1329 1918 1837 1190 1940 1669 1306 1644 1927 1701 1817 1383 1973 1421 1979 1525 1800 1958 1575 1972 1154 1084 1996 1794 BCNSPRNW ULIB Ver.6.0+V

เปลี่ยนเป็นภาษาไทย

Change to English
 แสดงรายละเอียดบรรณานุกรม
  กลับหน้าหลัก

Brief Record : Get Marc (ISO 2709) : E-mail record : QR code < ปิดหน้าต่าง
LEADER : 00000nam a2200000Ia 4500
001    13399125453
003     ULIB
008    160613s2559 th a b 000 0 tha d
020    ^a9786162798504
040    ^absi
060 04 ^aWQ204^bต367
245 00 ^aตำราประกอบภาพ :^bภาวะวิกฤติทางสูติกรรม = An illustratedtextbook : obstetric crisis /^cวิทยา ถิฐาพันธ์, ตรีภพเลิศบรรณพงษ์, บรรณาธิการ
246 30 ^aภาวะวิกฤติทางสูติกรรม
246 31 ^aAn illustrated textbook :^bobstetric crisis
246 31 ^aObstetric crisis
250    ^aพิมพ์ครั้งที่ 1
260    ^aกรุงเทพฯ :^bภาควิชาสูติศาสตร์-นรีเวชวิทยา คณะแพทยศาสตร์ศิริราชพยาบาลมหาวิทยาลัยมหิดล,^c2559
300    ^axii, 216 หน้า :^bภาพประกอบสี ;^c26 ซม.
650  2 ^aObstetrics
650  2 ^aPregnancy Complications
650  4 ^aการคลอด
650  4 ^aภาวะแทรกซ้อนขณะคลอด
650  4 ^aสูติศาสตร์
653    ^aผลงานอาจารย์คณะแพทยศาสตร์ศิริราชพยาบาล
700 0  ^aวิทยา ถิฐาพันธ์,^eบรรณาธิการ
700 0  ^aตรีภพ เลิศบรรณพงษ์,^eบรรณาธิการ
710 2  ^aมหาวิทยาลัยมหิดล.^bคณะแพทยศาสตร์ศิริราชพยาบาล.^bภาควิชาสูติศาสตร์-นรีเวชวิทยา
945    ^p500^l0^i25087
945    ^p500^l0^i25088
945    ^p500^l0^i25089
945    ^p500^l0^i25090
995    ^aกัณชพร
999    ^aกัณชพร
รายการนี้ยังไม่มีแท็ก
คุณยังไม่ได้ล็อกอิน คุณสามารถมีกิจกรรมร่วมกับเว็บไซต์ได้ แต่ต้องล็อกอินก่อน ::
  ล็อกอิน

รายการสื่อสารสนเทศ

ลำดับที่ ประเภท เลขเรียก/บาร์โค้ด สถานที่ สถานะ
1. หนังสือสำรอง
หนังสือสำรอง
WQ204 ต367 ฉ.1 
  Barcode: 25087
ห้องสมุดวิทยาเขตนครสวรรค์
►หนังสือทั่วไป:l:General Books
บนชั้น
2. วิทยาศาสตร์การแพทย์ และสุขภาพ
วิทยาศาสตร์การแพทย์ และสุขภาพ
WQ204 ต367 ฉ.2 
  Barcode: 25088
ห้องสมุดวิทยาเขตนครสวรรค์
►หนังสือทั่วไป:l:General Books
บนชั้น
3. วิทยาศาสตร์การแพทย์ และสุขภาพ
วิทยาศาสตร์การแพทย์ และสุขภาพ
WQ204 ต367 ฉ.3 
  Barcode: 25089
ห้องสมุดวิทยาเขตนครสวรรค์
►หนังสือทั่วไป:l:General Books
บนชั้น
4. วิทยาศาสตร์การแพทย์ และสุขภาพ
วิทยาศาสตร์การแพทย์ และสุขภาพ
WQ204 ต367 ฉ.4 
  Barcode: 25090
ห้องสมุดวิทยาเขตนครสวรรค์
►หนังสือทั่วไป:l:General Books
บนชั้น

รายการใกล้เคียง
    หัวเรื่อง [Obstetrics]
    หัวเรื่อง [Pregnancy Complications]
    หัวเรื่อง [การคลอด]
    หัวเรื่อง [ภาวะแทรกซ้อนขณะคลอด]
    หัวเรื่อง [สูติศาสตร์]

BibComment


ยังไม่เคยถูกคอมเมนท์

คอมเมนท์ทรัพยากรรายการนี้
  คอมเมนท์: ตำราประกอบภาพ ภ..


 Copyright 2026. Bcnsprnw @Library